Statistics for Countries with the Most Forest

Click here to take the quiz!

General Stats

  • This quiz has been taken 65,576 times
    (36,046 since last reset)
  • The average score is 14 of 20

Answer Stats

km2Country% Correct
4,970,000Brazil
98%
8,150,000Russia
98%
3,470,000Canada
97%
3,100,000United States
97%
2,200,000China
95%
722,000India
87%
657,000Mexico
82%
591,000Colombia
80%
1,340,000Australia
79%
723,000Peru
78%
1,260,000D.R. Congo
77%
921,000Indonesia
77%
462,000Venezuela
73%
508,000Bolivia
65%
457,000Tanzania
47%
666,000Angola
40%
286,000Argentina
35%
367,000Mozambique
33%
448,000Zambia
32%
359,000Papua New Guinea
30%

Score Distribution

Percentile by Number Answered

Percent of People with Each Score

Your Score History

You have not taken this quiz since the last reset